000 02896nam a22007217a 4500
001 0065173
003 KOHA_MİRAKIL
005 20260207004549.0
007 ta
008 191224b2004 ge |||gr||||#0|||0|eng |
020 _a2503515010
040 _aTR-BiSEU
_btur
_cTR-BiSEU
_erda
041 0 _aeng
_amon
044 _cge
050 _aBL2370.M7
_bS27 2004
100 1 _aSárközi, Alice.
245 1 _aCalling the soul of the dead/
_cAlice Sárközi ; Alice Sárközi, Alexey G. Sazykin ; in collaboration with Tibor Szabo.
264 1 _aTurnhout, Belgium :
_bBrepols
_c2004
300 _aVIII, 279 Pages :
300 _aillustrated ;
_c 24 cm.
336 _ametin
_btxt
_2rdacontent
337 _aaracısız
_bn
_2rdamedia
338 _acilt
_bnc
_2rdacarrier
490 1 _aSilk Road studies ;
_vIX.
490 1 _a Texts of Mongol folk-religion in the St.
490 1 _aPetersburg Institute of Oriental Studies ;
_v 1
500 _aIncludes bibliographical references.
500 _aIncludes texts in romanized Mongolian with English translations; also includes romanized Tibetan.
650 0 _aInstitut vostokovedenii͡a (Rossiĭskai͡a akademii͡a nauk).
_9122052
650 0 _aSankt-Peterburgskiĭ filial--Manuscripts.
_9122053
650 0 _aSoul.
_927286
650 0 _aSoul--Manuscripts.
_9122054
650 0 _aMongols--Rites and ceremonies.
_9122055
650 0 _aMongols--Rites and ceremonies--Manuscripts.
_9122056
650 0 _aManuscripts, Mongolian--Russia (Federation)--Saint Petersburg.
_9122057
650 0 _aDemonology--Mongolia--Terminology.
_9122058
650 0 _aMongols--Religion--Terminology.
_9122059
650 0 _aDemonology.
_9122060
650 0 _aManuscripts, Mongolian.
_9122061
650 0 _aMongols--Religion.
_9122062
650 0 _aMongols--Rites and ceremonies.
_9122055
650 0 _aMongolia.
_9122063
650 0 _aRussia (Federation)--Saint Petersburg.
_9122064
650 0 _aManuscripts.
_9122065
650 0 _aMoğollar--Din.
_9122066
650 0 _aMoğollar--Din--Elyazmaları.
_9122067
650 0 _aRuh.
_951824
650 0 _aRuh--El Yazmaları.
_9122068
650 0 _aMoğollar--Ayinler ve törenler.
_9122069
650 0 _aMoğollar--Ayinler ve törenler--Yazılar.
_9122070
650 0 _aEl yazmaları, Moğolca--Rusya (Federasyon)--Saint Petersburg.
_9122071
650 0 _aŞeytan Bilimleri--Moğolistan--Terminoloji.
_9122072
650 0 _aMoğollar--Din--Terminoloji.
_9122073
650 0 _aŞeytan Bilimleri.
_9122074
650 0 _aEl yazmaları, Moğolca.
_9122075
650 0 _aRusya (Federasyon)--Saint Petersburg.
_9122076
650 0 _aElyazmaları.
_9122077
830 1 _aSilk Road studies ;
_vIX.
_9122078
830 1 _a Texts of Mongol folk-religion in the St.
_9122079
830 1 _aPetersburg Institute of Oriental Studies ;
_v 1
_9122080
907 _aDin
942 _2lcc
_cBK
999 _c65480
_d65480